| 000 | 00721cam a2200217 4500 | ||
|---|---|---|---|
| 008 | 000000n2001 000 0 eng u | ||
| 020 | _a1900858614 | ||
| 035 | _a(Sirsi) u111722 | ||
| 041 | _aeng | ||
| 050 | _a690.24 | ||
| 110 |
_aBuilding Maintenance Information _93229 |
||
| 245 | _aReview of maintenance costs 2001. | ||
| 260 |
_aLondon _bBMI _c2001 |
||
| 300 | _a64p. ; 30cm. | ||
| 490 |
_aSerial _v299 |
||
| 520 | _aThis item is part of a subscription service and cannot be photocopied. Neither can any part of it be read out over the phone. Please contact BMI direct on 020 7222 7000. | ||
| 650 | _aMAINTENANCE COST INDICES | ||
| 650 | _aMAINTENANCE COSTS | ||
| 690 | _aBUILT ENVIRONMENT | ||
| 942 | _n0 | ||
| 999 |
_c101281 _d101281 |
||